000 00451nam a2200181 i 4500
001 bg
100 1 _aBARYCKA, Irena
245 0 _aPodstawy chemii /
_cIrena Barycka, Krzysztof Skudlarski.
260 _aWarszawa :
_bPWN,
_c1981.
650 9 _aChemia
655 _aPodręczniki akademickie
700 1 _aSKUDLARSKI, Krzysztof
040 _cBPK
041 _apol
080 _a54(075.8)
942 _cKS
008 s pl f |000 0 pol
999 _c1696
_d1696
856 _uhttp://koha.tu.koszalin.pl/cgi-bin/koha/opac-detail.pl?biblionumber=1696
_yKatalog online BPK